| 000 | 00613nam a22001817a 4500 | ||
|---|---|---|---|
| 999 |
_c15031 _d15031 |
||
| 003 | OSt | ||
| 082 | _2631.587 JOS/ST | ||
| 088 | _aP 40 | ||
| 100 |
_aJOSNI P _aROSHNI P. SEBASTIAN _aSUSMITHA R. NAIR _93903 |
||
| 245 | _aStudy on the performance of drip emtters | ||
| 260 |
_aTavanur 1994 _bDepartment of Irrigation and Drainage Engineering |
||
| 300 | _a90 | ||
| 500 | _aStudy on the performance of drip emtters | ||
| 520 | _aStudy on the performance of drip emtters | ||
| 700 |
_aEr. E. K Kurien (Guide) _93773 |
||
| 856 | _uhttps://drive.google.com/open?id=1PBuojJCoGXdpD_sxp2xmgSD3OHIelsAC | ||
| 942 | _cPR | ||